000 01277nam0a22002771 4500
001 rc\4140041
005 20130415181410.9
021 _aRU
_b[51-644]
035 _a(NLR Aleph) 007988827
090 _a8566451
_c8566451
100 _a20130415d1950 |||a0rusy50 ca
101 0 _arus
102 _aRU
105 _ay b |||||
200 1 _aКаталог общегеографических и специальных карт (поступивших в Центральный картографо-геодезический фонд за период с 1940 г. по 1 октября 1949 г.)
_fГл. упр. геодезии и картографии при Совете министров СССР
210 _aМосква
_cГеодезиздат
_d1950
215 _a137 с.
_d25
300 _aНа обороте тит. л. сост.: инженеры В.С. Щекутьева, М.И. Прудниченкова
702 1 _aЩекутьева
_bВ. С.
_4220
702 1 _aПрудниченкова
_bМ. И.
_4220
710 0 1 _aСССР
_bЦентральный картографо-геодезический фонд
_3RU\NLR\AUTH\887775
801 0 _aRU
_bNLR
_gpsbo
801 1 _aRU
_bELAR
_2rusmarc
852 _aNLR
_jС167-670/С75
942 _cBOOK
980 _aNB